| 000 | 00812nam a2200193 a 4500 | ||
|---|---|---|---|
| 003 | 0 | ||
| 005 | 20250626090003.0 | ||
| 008 | 021118s19uu xx 00 eng d | ||
| 050 |
_aPHS HQ 755.85 _b.M47 1998 |
||
| 100 | _aMercado, Rosarie K. | ||
| 245 |
_aA Comparative study of parent-children relationship between teenagers with separated parents and with parents living together / _cRosarie K. Mercado. |
||
| 260 |
_aLas PiƱas City, Philippines : _bSouthville International School and Colleges, _c1998. |
||
| 300 |
_aunnumbered pages : _billustrations ; _c29 cm. |
||
| 650 |
_aParent and child _xPsychological aspects. |
||
| 650 |
_aTeenagers _xFamily relationships _vComparative studies. |
||
| 650 |
_aChildren of divorced parents _xPsychology. |
||
| 650 |
_aFamily _xPsychological aspects. |
||
| 942 |
_2lcc _cPASS |
||
| 999 |
_c96213 _d96213 |
||